A Textbook of Information Sources and Services/ (Record no. 199492)
[ view plain ]
| 000 -LEADER | |
|---|---|
| fixed length control field | 00936nam a22002537a 4500 |
| 003 - CONTROL NUMBER IDENTIFIER | |
| control field | dpl |
| 005 - DATE AND TIME OF LATEST TRANSACTION | |
| control field | 20240321112110.0 |
| 008 - FIXED-LENGTH DATA ELEMENTS--GENERAL INFORMATION | |
| fixed length control field | 231206b |||||||| |||| 00| 0 eng d |
| 010 ## - LIBRARY OF CONGRESS CONTROL NUMBER | |
| LC control number | B-756565-569 ENG-139849 |
| 020 ## - INTERNATIONAL STANDARD BOOK NUMBER | |
| International Standard Book Number | 9789392958021 |
| Terms of availability | 795.00 |
| 035 ## - SYSTEM CONTROL NUMBER | |
| System control number | B-756565-569 |
| 035 ## - SYSTEM CONTROL NUMBER | |
| System control number | EN-123381 |
| 037 ## - SOURCE OF ACQUISITION | |
| Source of stock number/acquisition | Synergy Book India |
| 040 ## - CATALOGING SOURCE | |
| Transcribing agency | 0 |
| 082 ## - DEWEY DECIMAL CLASSIFICATION NUMBER | |
| Classification number | 020 |
| 100 ## - MAIN ENTRY--PERSONAL NAME | |
| Relator code | Ashraf, Tariq |
| 245 ## - TITLE STATEMENT | |
| Title | A Textbook of Information Sources and Services/ |
| Statement of responsibility, etc | Tariq Ashraf and Shehbaz Husain Naqvi |
| 260 ## - PUBLICATION, DISTRIBUTION, ETC. (IMPRINT) | |
| Place of publication, distribution, etc | New Delhi |
| Name of publisher, distributor, etc | Synergy Book India |
| Date of publication, distribution, etc | 2023 |
| 270 ## - ADDRESS | |
| Address | 24/4800 Ansari Road, Darya Ganj, |
| City | New Delhi |
| Postal code | 110002 |
| 300 ## - PHYSICAL DESCRIPTION | |
| Extent | xi, 331p. |
| Dimensions | 22cm(pbk) |
| 700 ## - ADDED ENTRY--PERSONAL NAME | |
| Relator code | Naqvi, Shahbaz Husain |
| 942 ## - ADDED ENTRY ELEMENTS (KOHA) | |
| Source of classification or shelving scheme | Dewey Decimal Classification |
| Koha item type | English Books |
| Call number suffix | ASH |
| Classification part | 020 |
| Withdrawn status | Lost status | Source of classification or shelving scheme | Damaged status | Not for loan | Collection code | Home library | Current library | Date acquired | Source of acquisition | Cost, normal purchase price | Total Checkouts | Total Renewals | Full call number | Barcode | Date last seen | Date checked out | Copy number | Cost, replacement price | Price effective from | Koha item type |
|---|---|---|---|---|---|---|---|---|---|---|---|---|---|---|---|---|---|---|---|---|
| Dewey Decimal Classification | Non-fiction | Ashok Vihar | Ashok Vihar | 13/12/2023 | Synergy Books India/414/2.12.23/53/23.11.23/6.12.23 | 795.00 | ASH 020 | B-756566 | 13/12/2023 | 2 | 795.00 | 13/12/2023 | English Books | |||||||
| Dewey Decimal Classification | Non-fiction | Bawana | Bawana | 21/03/2024 | DBAD | 795.00 | ASH 020 | EN-123381 | 21/03/2024 | 1 | 795.00 | 21/03/2024 | English Books | |||||||
| Dewey Decimal Classification | Non-fiction | Central Library | Central Library | 13/12/2023 | Synergy Books India/414/2.12.23/53/23.11.23/6.12.23 | 795.00 | 3 | 2 | ASH 020 | B-756565 | 04/02/2026 | 30/01/2026 | 1 | 795.00 | 13/12/2023 | English Books | ||||
| Dewey Decimal Classification | Non-fiction | Patel Nagar | Patel Nagar | 13/12/2023 | Synergy Books India/414/2.12.23/53/23.11.23/6.12.23 | 795.00 | 2 | 2 | ASH 020 | B-756567 | 13/05/2024 | 09/04/2024 | 3 | 795.00 | 13/12/2023 | English Books | ||||
| Dewey Decimal Classification | Non-fiction | Sarojini Nagar | Sarojini Nagar | 13/12/2023 | Synergy Books India/414/2.12.23/53/23.11.23/6.12.23 | 795.00 | 2 | ASH 020 | B-756568 | 08/01/2026 | 26/12/2025 | 4 | 795.00 | 13/12/2023 | English Books | |||||
| Dewey Decimal Classification | Non-fiction | Shahdara Branch | Shahdara Branch | 13/12/2023 | Synergy Books India/414/2.12.23/53/23.11.23/6.12.23 | 795.00 | ASH 020 | B-756569 | 13/12/2023 | 5 | 795.00 | 13/12/2023 | English Books |
